Rock and Roll by Letter F - Statistics

General Stats
  • This quiz has been taken 103 times
  • The average score is 8 of 15
Answer Stats
Hint Answer % Correct
Iconic brand of guitar Fender
93%
Morrison, Manzarek, Krieger and Densmore wanted us to "Light My..."? Fire
91%
Bassist for the Red Hot Chili Peppers Flea
80%
This "Refugee" band hails from this state Florida
79%
Front man for this band originally played drums for Nirvana Foo Fighters
76%
Last name Apple, first name? Fiona
74%
"Juke Box Hero" Foreigner
65%
Motown Group sang "I Can't Help Myself (Sugar Pie, Honeybunch)" The Four Tops
50%
The opposite of this Beatles song would be "genius under the valley" maybe? Fool on the Hill
46%
Indie Rock Band from Scotland, had a hit with "Take Me Out" Franz Ferdinand
44%
Lennon helped Bowie write this song and even sang in the background Fame
43%
"Well I Guess it Would Be Nice, If I Could Touch Your Body..." Faith
35%
Ballad that was a hit single for Cheap Trick in 1988 The Flame
29%
The lyrics of this Metallica song address suicidal feelings Fade to Black
13%
The Yeah Yeah Yeah song performers The Flaming Lips
0%
No matching quizzes found
Score Distribution
Percent of People with Each Score
Percentile by Number Answered
Your Score History
You have not taken this quiz